The Melted Coins (Record no. 8967)

MARC details
000 -LEADER
fixed length control field 00800nam a22002177a 4500
003 - CONTROL NUMBER IDENTIFIER
control field OSt
005 - DATE AND TIME OF LATEST TRANSACTION
control field 20260312000335.0
008 - FIXED-LENGTH DATA ELEMENTS--GENERAL INFORMATION
fixed length control field 260311b |||||||| |||| 00| 0 eng d
020 ## - INTERNATIONAL STANDARD BOOK NUMBER
International Standard Book Number 978-0-448-08923-2
040 ## - CATALOGING SOURCE
Original cataloging agency DWCL GS lib
Transcribing agency OC
082 ## - DEWEY DECIMAL CLASSIFICATION NUMBER
Classification number D621m 2008
100 ## - MAIN ENTRY--PERSONAL NAME
Personal name Dixon Franklin W.
245 ## - TITLE STATEMENT
Title The Melted Coins
Statement of responsibility, etc. Franklin W. Dixon
260 ## - PUBLICATION, DISTRIBUTION, ETC.
Place of publication, distribution, etc. Canada
Name of publisher, distributor, etc. Franklin W. Dixon
Date of publication, distribution, etc. 1944
300 ## - PHYSICAL DESCRIPTION
Extent 180 p.
Other physical details illustrations
Dimensions 19cm
520 ## - SUMMARY, ETC.
Summary, etc. Frank and Joe Hardy investigate a counterfeit ring stealing rare coins to melt down into face-value currency.
650 ## - SUBJECT ADDED ENTRY--TOPICAL TERM
Topical term or geographic name entry element the physical life cycle of currency and a Hardy Boys mystery novel.
650 ## - SUBJECT ADDED ENTRY--TOPICAL TERM
Topical term or geographic name entry element primarily revolves around themes of justice, friendship, and vigilance against fraud.
700 ## - ADDED ENTRY--PERSONAL NAME
Personal name Franklin W. Dixon
942 ## - ADDED ENTRY ELEMENTS (KOHA)
Source of classification or shelving scheme Dewey Decimal Classification
Koha item type Fiction
Suppress in OPAC No

No items available.